| 000 | 01054nam a22002657a 4500 | ||
|---|---|---|---|
| 005 | 2009080405165.0 | ||
| 008 | 090728t xxu||||| |||| 00| 0 pun d | ||
| 010 | _aPUN-7356 | ||
| 020 |
_c150.00 _a9788178837710 |
||
| 035 | _aPN-6474 | ||
| 037 | _bDBAD / PUB/ਚੇਤਨਾ ਪ੍ਰਕਾਸ਼ਨ | ||
| 040 |
_adpl _bPN |
||
| 082 | _a854 | ||
| 100 |
_937323 _aਦਲਬੀਰ ਸਿੰਘ |
||
| 245 |
_aਦੇਕ ਤੇਰੇ ਸੰਸਾਰ ਦੀ ਹਾਲਤ.. / _cਦਲਬੀਰ ਸਿੰਘ |
||
| 246 |
_aDekh tere sansar de halat _bby Dalbir Singh |
||
| 260 |
_aਲੁਧਿਆਣਾ _bਚੇਤਨਾ ਪ੍ਰਕਾਸ਼ਨ _c2012 |
||
| 270 |
_aPunjabi Bhawan, _bLudhiana ( Pb.) _k0161-2413613 _mchetnaprakashan@sify.com |
||
| 300 |
_a127ਪਂ; _b21 ਸੇਂਮੀ(ਸਜਿਲਦ) |
||
| 650 | _937324 | ||
| 650 | _937325 | ||
| 700 | _952706 | ||
| 942 |
_2ddc _cPN _h854 _mਦਲਬੀ |
||
| 999 |
_c70600 _d70600 |
||